000 01794nam0a22003611 4500
001 v19\rc\1835332
005 20260406111836.0
035 _a(NLR Aleph) 004930022
090 _a5669602
_c5669602
100 _a20071224e19081908|||y0rusy50 ca
101 0 _arus
102 _aRU
105 _ay z |||||
200 1 _aОтзыв об ученых трудах рекомендуемого для замещения второй профессуры словянской филологии приват-доцента Императорского Новороссийского университета Михаила Георгиевича Попруженка
_f[И. д. э. о. проф. Б. Ляпунов]
210 _aОдесса
_c"Экон." тип.
_d[1908]
215 _a18 с.
_d25
300 _aАвт. указан в конце текста
309 _aБез тит. л. и обл.
311 _aОтт. из: "Зап. Имп. Новорос. ун-та". 1908 г., т. 111
488 0 _12001#$aЗаписки Императорского Новороссийского университета$v1908, т. 111
_tЗаписки Императорского Новороссийского университета
700 1 _8rus
_7ca
_aЛяпунов
_bБ. М.
_f1862-1943
_gБорис Михайлович
_3RU\NLR\AUTH\77104605
_987530
702 1 _4570
_8rus
_7ca
_aПопруженко
_bМ. Г.
_f1866-1944
_gМихаил Георгиевич
_3RU\NLR\AUTH\77123963
_9106888
801 0 _aRU
_bNLR
_gpsbo
801 0 _aRU
_bRuMoRGB
_2psbo
801 1 _aRU
_bProSoft-M
_2rusmarc
801 2 _aRU
_bNLR
_c20130723
_2rusmarc
852 _aNLR
_j20.107.8.518
899 _aБАН
899 _aНБ СПбГУ
899 _aГПИБ
899 _aНБ МГУ
942 _cBOOK
980 _aNB